=LDR 00000nam 2200000 4500 =001 000695 =005 20250711024713 =035 ##$$a 0010-0725000563 =007 ta =008 250711################a##########0#ind## =020 ##$$a 978-623-472-028-0 =082 ##$$a 398.209 598 =084 ##$$a 398.209 598 BAN l =100 #$$a Bannerjee Kanchan =245 1#$$a Laba-laba, Oh, Laba-laba /$c Kanchan Bannerjee =250 ##$$a Cetakan Pertama 2024 =260 ##$$a Jakarta :$b Badan Pengembangan dan Pembinaan Bahasa,$c 2022 =300 ##$$a 16 hlm : $b Ilus. ; $c 22,9 cm =650 #4$$a Cerita Anak Indonesia - Terjemahan =650 #4$$a Literasi- Bahan Bacaan =990 ##$$a TBM04690469